| 000 | 00630nam a2200181 i 4500 | ||
|---|---|---|---|
| 001 | 44009 | ||
| 003 | ES-MaACL | ||
| 005 | 20230906160929.0 | ||
| 007 | t| | ||
| 008 | 030320s1957 sp ||||1| spa d | ||
| 100 | 1 |
_aCazaud, R. _937230 |
|
| 245 | 1 | 3 |
_aLa fatiga de los metales / _cR. Cazaud ; traducción del francés por Enrique J. García Sardinero ; prefacio de R. Calvo Rodés. |
| 260 |
_aMadrid : _bAguilar, _c[1957] ( _fSelecciones Gráficas) |
||
| 300 |
_aXIX, 564 p. : _bil. ; _c22 cm. |
||
| 700 | 1 |
_aGarcía Sardinero, Enrique J. _955283 |
|
| 700 | 1 |
_aCalvo Rodes, Rafael. _933906 |
|
| 852 |
_aES-MaACL _jC-12398 _bR.41023 |
||
| 999 |
_c44009 _d44009 |
||